000 00782nab a2200229u 4500
001 19409
003 HDC
007 c| |||a|c|aaaa
008 210228b20111027my ||||o |||| 00| 0 eng d
040 _aHDC
245 0 _aAustralia: Ministers to discuss banning religious exemptions from stunning
336 _atext
_2rdacontent
337 _acomputer
_2rdamedia
338 _aonline resource
_2rdacarrier
650 _aexport of non-stunned meat
_917877
650 _akosher and halal meat
_917876
710 _aWall Street Journal/Business
856 _zRequest full-text at [email protected]
942 _2lcc
942 _cNEWS
942 _kNWS0 003568
999 _c16725
_d16725